Catálogo
 En Linea

Los mayas antiguos : (Registro nro. 19658)

Detalles MARC
000 -CABECERA
campo de control de longitud fija 00871cam a22001931 4500
001 - NÚMERO DE CONTROL
campo de control 000020151
005 - FECHA Y HORA DE LA ÚLTIMA TRANSACCIÓN
campo de control 20200929170305.0
008 - DATOS DE LONGITUD FIJA--INFORMACIÓN GENERAL
campo de control de longitud fija 781019s1941 mx a b 000 0 spa c
040 ## - FUENTE DE LA CATALOGACIÓN
Centro catalogador/agencia de origen DO-SdBNP
Lengua de catalogación spa
Centro/agencia transcriptor BNPHU
082 ## - NÚMERO DE LA CLASIFICACIÓN DECIMAL DEWEY
Número de clasificación 972.04
Número de documento/Ítem M467
245 04 - MENCIÓN DE TÍTULO
Título Los mayas antiguos :
Resto del título monografías de arqueología, etnografía y lingüistica mayas publicadas con motivo del centenario de la exploración de Yucatán John L. Stephens y Frederick Catherwood en los años 1841-42 /
Mención de responsabilidad, etc. prefacio César Lizardi Ramos.
260 ## - PUBLICACIÓN, DISTRIBUCIÓN, ETC.
Lugar de publicación, distribución, etc. México :
Nombre del editor, distribuidor, etc. Colegio de México,
Fecha de publicación, distribución, etc. 1941.
300 ## - DESCRIPCIÓN FÍSICA
Extensión 361 p. :
Otras características físicas il. ;
Dimensiones 24 cm.
504 ## - NOTA DE BIBLIOGRAFÍA, ETC.
Nota de bibliografía, etc. Bibliografía de Jhon Lloyd Stephens, por Arthur Gropp: p. 17-32
600 14 - PUNTO DE ACCESO ADICIONAL DE MATERIA--NOMBRE DE PERSONA
Nombre de persona STEPHENS, JOHN LLOYD
Fechas asociadas al nombre 1805-1852
Subdivisión general BIBLIOGRAFÍA
9 (RLIN) 42740
650 #4 - PUNTO DE ACCESO ADICIONAL DE MATERIA--TÉRMINO DE MATERIA
Término de materia o nombre geográfico como elemento de entrada Mayas
Subdivisión general Antiguedades
9 (RLIN) 42741
700 12 - PUNTO DE ACCESO ADICIONAL--NOMBRE DE PERSONA
Nombre de persona Lizardi Ramos, César
9 (RLIN) 42742
910 ## - DATOS DE OPCIÓN DEL USUARIO (OCLC)
Datos de opción del usuario Validado. Control de calidad MFF
Existencias
Estado de retiro Estado de pérdida Restricciones de uso No para préstamo Código de colección Localización permanente Ubicación/localización actual Ubicación en estantería Fecha de adquisición Número de inventario Total de préstamos Signatura topográfica completa Código de barras Fecha visto por última vez Precio válido a partir de Tipo de ítem Koha
      Excluido de préstamo Monografías: Libros y Folletos General General Depósito 23.07.2010 LF1   972.04 M467 20151-10 25.06.2020 25.06.2020 No se presta

Con tecnología Koha